[Event "Mumbai Wealth rating op 4th"]
[Site "Mumbai"]
[Date "2019.01.05"]
[Round "7"]
[White "Abhinessh, S."]
[Black "Sa, Kannan"]
[Result "0-1"]
[WhiteElo "1790"]
[BlackElo "2069"]
[PlyCount "70"]
[EventDate "2018.12.30"]
[EventType "swiss"]
[EventRounds "9"]
[EventCountry "IND"]
[SourceTitle "CBM 188 Extra"]
[Source "ChessBase"]
[SourceDate "2019.02.26"]
[SourceVersion "1"]
[SourceVersionDate "2019.02.26"]
[SourceQuality "1"]

1. e4 e6 2. d4 b6 3. Nf3 Bb7 4. Bd3 Nf6 5. Bg5 h6 6. Bxf6 Qxf6 7. Nbd2 d6 8. c3 Nd7 9. Qe2 Qd8 10. a4 a6 11. 0-0 Be7 12. Ne1 0-0 13. f4 c5 14. Nc4 cxd4 15. cxd4 d5 16. exd5 Bxd5 17. Ne5 a5 18. f5 Nxe5 19. dxe5 Bc5+ 20. Kh1 exf5 21. Bxf5 Qg5 22. Be4 Rad8 23. Nf3 Qe3 24. Qxe3 Bxe3 25. Rfe1 Bxe4 26. Rxe3 Bxf3 27. gxf3 Rd2 28. Rb3 Rc8 29. Rc3 Re8 30. f4 Rxb2 31. Rg3 Rf2 32. Rag1 g6 33. Rg4 h5 34. R1g2 Rf3 35. R2g3 hxg4 0-1

[Event "Mumbai Wealth rating op 4th"]
[Site "Mumbai"]
[Date "2019.01.03"]
[Round "5"]
[White "Abhinessh, S."]
[Black "Samrat, Ghorai"]
[Result "1/2-1/2"]
[WhiteElo "1790"]
[BlackElo "1984"]
[PlyCount "163"]
[EventDate "2018.12.30"]
[EventType "swiss"]
[EventRounds "9"]
[EventCountry "IND"]
[SourceTitle "CBM 188 Extra"]
[Source "ChessBase"]
[SourceDate "2019.02.26"]
[SourceVersion "1"]
[SourceVersionDate "2019.02.26"]
[SourceQuality "1"]

1. e4 c5 2. Nf3 e6 3. c3 d5 4. exd5 exd5 5. d4 Nc6 6. Be3 Qb6 7. b3 Nf6 8. Be2 Bd6 9. 0-0 0-0 10. h3 Re8 11. Nbd2 h6 12. a4 a5 13. Bb5 Bd7 14. Qb1 Re7 15. Qb2 Rae8 16. Rac1 cxd4 17. Nxd4 Nxd4 18. Bxd4 Bc5 19. Bxc5 Qxc5 20. Bd3 Nh5 21. Nf3 Ng3 22. Rfe1 Bf5 23. b4 Qb6 24. Bb5 Bd7 25. Bd3 Ne4 26. Bxe4 dxe4 27. Nd4 axb4 28. Qxb4 Qxb4 29. cxb4 Bxa4 30. Nf5 Re6 31. Rc7 Bc6 32. Rb1 Bd5 33. Rd1 Bc6 34. Rb1 Re5 35. Nd6 R8e7 36. Rxe7 Rxe7 37. b5 Bd5 38. Rd1 Bb3 39. Rc1 g6 40. Rc3 Bd5 41. Rc5 Bb3 42. Rc3 Ba2 43. Rc2 Be6 44. b6 Rd7 45. Nxe4 Rd1+ 46. Kh2 Bf5 47. Nf6+ Kg7 48. Ne8+ Kf8 49. Re2 Rb1 50. Nd6 Rxb6 51. Nxf5 gxf5 52. Re5 Rf6 53. Kg3 Kg7 54. Kf4 Kg6 55. Rb5 b6 56. h4 Rc6 57. h5+ Kxh5 58. Kxf5 Rg6 59. Kf4+ Kh4 60. Rb1 Rf6+ 61. Ke3 Kg5 62. Rb5+ Kg6 63. g4 Rd6 64. Ke4 Kf6 65. Rf5+ Ke7 66. f4 Re6+ 67. Kf3 Rf6 68. Rd5 Rc6 69. Rh5 Kd7 70. Rd5+ Rd6 71. Rf5 Ke7 72. Re5+ Kd7 73. Rf5 f6 74. Rh5 Ke6 75. Rxh6 b5 76. g5 Kf7 77. f5 Kg7 78. Rg6+ Kf7 79. Rxf6+ Rxf6 80. gxf6 Kxf6 81. Ke4 b4 82. Kd4 1/2-1/2

[Event "Mumbai Wealth rating op 4th"]
[Site "Mumbai"]
[Date "2019.01.02"]
[Round "4"]
[White "Abhinessh, S."]
[Black "Rushyendra, Chowdary Kantipudi"]
[Result "1-0"]
[WhiteElo "1790"]
[BlackElo "1527"]
[PlyCount "47"]
[EventDate "2018.12.30"]
[EventType "swiss"]
[EventRounds "9"]
[EventCountry "IND"]
[SourceTitle "CBM 188 Extra"]
[Source "ChessBase"]
[SourceDate "2019.02.26"]
[SourceVersion "1"]
[SourceVersionDate "2019.02.26"]
[SourceQuality "1"]

1. e4 c5 2. Nf3 d6 3. c3 Nf6 4. Be2 Nc6 5. d4 cxd4 6. cxd4 Nxe4 7. d5 Qa5+ 8. Nc3 Nxc3 9. bxc3 Ne5 10. Nxe5 dxe5 11. Qb3 Qc7 12. Ba3 g6 13. Rd1 Bd7 14. 0-0 Qb6 15. Qc2 Bg7 16. c4 Qf6 17. Qb3 Qb6 18. Qc2 Qf6 19. Qb3 Qb6 20. Qc3 Bf6 21. d6 e6 22. Qf3 Bg7 23. Rb1 Bc6 24. d7+ 1-0

[Event "IND-ch U15"]
[Site "Kolkata"]
[Date "2018.07.21"]
[Round "7"]
[White "Abhinessh, S."]
[Black "Ajay, Karthikeyan"]
[Result "0-1"]
[WhiteElo "1787"]
[BlackElo "2094"]
[PlyCount "116"]
[EventDate "2018.07.17"]
[EventType "swiss"]
[EventRounds "11"]
[EventCountry "IND"]
[SourceTitle "CBM 186 Extra"]
[Source "ChessBase"]
[SourceDate "2018.08.24"]
[SourceVersion "1"]
[SourceVersionDate "2018.08.24"]
[SourceQuality "1"]

1. e4 c5 2. Nf3 g6 3. c3 Nc6 4. d4 d5 5. e5 cxd4 6. cxd4 Bg4 7. Be2 Nh6 8. Nc3 Nf5 9. 0-0 e6 10. Be3 Be7 11. h3 Bxf3 12. Bxf3 0-0 13. Bg4 Nxe3 14. fxe3 Rc8 15. Qe2 Kg7 16. Rad1 Qa5 17. Kh1 Rcd8 18. g3 Qb4 19. h4 Na5 20. Rf2 Nc4 21. Rdf1 a5 22. Nd1 a4 23. a3 Qa5 24. Rh2 b5 25. Qg2 b4 26. axb4 Qxb4 27. Bf3 f6 28. exf6+ Rxf6 29. g4 Bd6 30. g5 Rf5 31. Bg4 Bxh2 32. Bxf5 exf5 33. Qxh2 Qb8 34. Rf4 Qb4 35. Rf1 Qd6 36. Rf4 Re8 37. Qf2 Qe6 38. Rf3 Rb8 39. h5 Qe4 40. h6+ Kg8 41. Qg3 Rc8 42. Nc3 Qg4 43. Nxd5 Qxg3 44. Rxg3 Rb8 45. Nf6+ Kf7 46. e4 Rb3 47. Rg1 Rxb2 48. exf5 a3 49. fxg6+ Kxg6 50. Nd5 a2 51. Nc3 Rc2 52. Nd5 Rb2 53. Nc3 Rc2 54. Nd5 Nd2 55. Ne3 Rb2 56. Kg2 Nc4+ 57. Kf3 Nxe3 58. Re1 Rb1 0-1

[Event "IND-ch U15"]
[Site "Kolkata"]
[Date "2018.07.20"]
[Round "6"]
[White "Abhinessh, S."]
[Black "Arpan, Das Jr"]
[Result "1-0"]
[WhiteElo "1787"]
[BlackElo "1981"]
[PlyCount "51"]
[EventDate "2018.07.17"]
[EventType "swiss"]
[EventRounds "11"]
[EventCountry "IND"]
[SourceTitle "CBM 186 Extra"]
[Source "ChessBase"]
[SourceDate "2018.08.24"]
[SourceVersion "1"]
[SourceVersionDate "2018.08.24"]
[SourceQuality "1"]

1. e4 c6 2. d4 d5 3. e5 Bf5 4. h4 h5 5. Be2 Bg6 6. Nh3 e6 7. Nf4 Bb4+ 8. c3 Bxb1 9. Rxb1 Be7 10. Bxh5 g6 11. Bxg6 fxg6 12. Qg4 Na6 13. Nxe6 Qa5 14. Qxg6+ Kd7 15. Qf5 Qxa2 16. Nc5+ Ke8 17. Nxb7 Nh6 18. Bxh6 Rxh6 19. 0-0 Nc7 20. Qg4 Kf7 21. Qd7 Nb5 22. Rbe1 Rah8 23. Re3 Rxh4 24. Rf3+ Kg6 25. Qe6+ Kg5 26. Rf5+ 1-0

[Event "IND-ch U15"]
[Site "Kolkata"]
[Date "2018.07.18"]
[Round "3"]
[White "Mendonca, Leon Luke"]
[Black "Abhinessh, S."]
[Result "1-0"]
[WhiteElo "2241"]
[BlackElo "1787"]
[PlyCount "87"]
[EventDate "2018.07.17"]
[EventType "swiss"]
[EventRounds "11"]
[EventCountry "IND"]
[SourceTitle "CBM 186 Extra"]
[Source "ChessBase"]
[SourceDate "2018.08.24"]
[SourceVersion "1"]
[SourceVersionDate "2018.08.24"]
[SourceQuality "1"]

1. d4 Nf6 2. c4 e6 3. Nc3 Bb4 4. e3 b6 5. Nge2 Bb7 6. a3 Bxc3+ 7. Nxc3 d6 8. f3 Nbd7 9. Be2 e5 10. 0-0 0-0 11. d5 Qe7 12. b4 a5 13. Rb1 axb4 14. axb4 Ne8 15. e4 g6 16. Be3 f5 17. Qc2 f4 18. Bf2 g5 19. Nb5 Ndf6 20. c5 bxc5 21. bxc5 Bc8 22. Ra1 Rxa1 23. Rxa1 g4 24. cxd6 Nxd6 25. Qxc7 Qxc7 26. Nxc7 gxf3 27. gxf3 Rf7 28. Ne6 Bxe6 29. dxe6 Rc7 30. Ra6 Nde8 31. Ra5 Rc2 32. Bf1 Rc3 33. Kg2 Nd6 34. Rxe5 Rc2 35. Ra5 Nfe8 36. Ra7 Rd2 37. Kg1 Rd1 38. Ra8 Kg7 39. e5 Nc7 40. Rd8 Rxf1+ 41. Kxf1 Nde8 42. Bb6 Kg6 43. Bxc7 Nxc7 44. Rg8+ 1-0

[Event "Mumbai Wealth op U13"]
[Site "Mumbai"]
[Date "2016.02.01"]
[Round "5"]
[White "Antony, Jesumarian Leslie"]
[Black "Abhinessh, S."]
[Result "0-1"]
[WhiteElo "1316"]
[BlackElo "1713"]
[PlyCount "138"]
[EventDate "2016.01.28"]
[EventType "swiss"]
[EventRounds "9"]
[EventCountry "IND"]
[SourceTitle "CBM 170 Extra"]
[Source "ChessBase"]
[SourceDate "2016.02.25"]
[SourceVersion "1"]
[SourceVersionDate "2016.02.25"]
[SourceQuality "1"]

1. e4 b6 2. d4 Bb7 3. Nc3 e6 4. a3 d5 5. Bd3 c5 6. dxc5 d4 7. Nce2 bxc5 8. Nf3 Nf6 9. Ng3 Nbd7 10. 0-0 Bd6 11. Qe2 0-0 12. Re1 Qc7 13. Bd2 Rac8 14. b3 Nb6 15. e5 Bxf3 16. gxf3 Bxe5 17. Qxe5 Qxe5 18. Rxe5 c4 19. bxc4 Nxc4 20. Re2 Nd5 21. Ne4 f5 22. Ng3 Rf6 23. Kf1 f4 24. Nh5 Nxd2+ 25. Rxd2 Rh6 26. Re1 Rxh5 27. Rxe6 Rxh2 28. Rd6 Ne3+ 29. Ke1 Ng2+ 30. Ke2 h5 31. Rxd4 Re8+ 32. Re4 Rxe4+ 33. Bxe4 Rh1 34. Rd1 Rxd1 35. Kxd1 Kf7 36. Ke2 Kf6 37. Kf1 Nh4 38. c4 Nf5 39. c5 Ne7 40. Kg2 Ke5 41. Kh3 g5 42. Kg2 Kd4 43. c6 Kc5 44. c7 Kd6 45. c8Q Nxc8 46. Bg6 h4 47. Kh3 Ne7 48. Bh7 Nd5 49. Bd3 Nf6 50. Bf5 Ke5 51. Bg6 Kd4 52. Bf5 a5 53. a4 Kc3 54. Bg6 Kb3 55. Be4 Kxa4 56. Bc6+ Kb4 57. Kg2 a4 58. Bxa4 Kxa4 59. Kh3 Kb3 60. Kg2 Kc2 61. Kh3 Kd2 62. Kg2 Ke2 63. Kg1 Kxf3 64. Kf1 h3 65. Kg1 g4 66. Kh2 g3+ 67. Kxh3 g2 68. Kh4 g1Q 69. Kh3 Qh1# 0-1

[Event "Mumbai Wealth op U13"]
[Site "Mumbai"]
[Date "2016.01.30"]
[Round "3"]
[White "Chandratreya, Prachiti"]
[Black "Abhinessh, S."]
[Result "0-1"]
[WhiteElo "1465"]
[BlackElo "1713"]
[PlyCount "74"]
[EventDate "2016.01.28"]
[EventType "swiss"]
[EventRounds "9"]
[EventCountry "IND"]
[SourceTitle "CBM 170 Extra"]
[Source "ChessBase"]
[SourceDate "2016.02.25"]
[SourceVersion "1"]
[SourceVersionDate "2016.02.25"]
[SourceQuality "1"]

1. d4 b6 2. c4 Bb7 3. Nc3 Nf6 4. Bg5 e6 5. e3 d5 6. cxd5 exd5 7. Bd3 Be7 8. Qc2 h6 9. Bh4 0-0 10. a3 Ne4 11. Bxe7 Qxe7 12. Nge2 Re8 13. 0-0 Nd7 14. Bxe4 dxe4 15. Rac1 c5 16. Rfd1 cxd4 17. Rxd4 Nc5 18. Rcd1 Rac8 19. Nc1 Qg5 20. Qd2 a6 21. h3 Kh7 22. Kh1 f5 23. N3e2 Ne6 24. Rd6 Rcd8 25. Nf4 Rxd6 26. Qxd6 Nxf4 27. exf4 Qh5 28. Re1 e3 29. Kg1 Qh4 30. Rxe3 Rxe3 31. fxe3 Qe1+ 32. Kh2 Qf2 33. e4 Bxe4 34. Qd2 Qxd2 35. Kg3 Qxg2+ 36. Kh4 Qf2+ 37. Kh5 Bf3# 0-1